QUEST Central Library Banner

Methods for Assessing the Structural Reliability of Brittle Materials (Record no. 9484)

MARC details
000 -LEADER
fixed length control field 00637nam a2200205 a 4500
020 ## - INTERNATIONAL STANDARD BOOK NUMBER
ISBN 0803102658 (hardcover)
020 ## - INTERNATIONAL STANDARD BOOK NUMBER
ISBN 9780803102651 (hardcover)
100 1# - MAIN ENTRY--AUTHOR NAME
Personal name Freiman, S W
245 10 - TITLE STATEMENT
Title Methods for Assessing the Structural Reliability of Brittle Materials
250 ## - EDITION STATEMENT
Edition statement First Edition.
260 ## - PUBLICATION, DISTRIBUTION, ETC. (IMPRINT)
Place of publication [S.l.] :
Name of publisher Astm Intl,
Year of publication 1984.
300 ## - PHYSICAL DESCRIPTION
Number of Pages 229 p. ;
650 ## - SUBJECT ADDED ENTRY--TOPICAL TERM
Topical Term Fracture mechanics--Congresses.
650 ## - SUBJECT ADDED ENTRY--TOPICAL TERM
Topical Term Brittleness--Congresses.
650 ## - SUBJECT ADDED ENTRY--TOPICAL TERM
Topical Term Ceramic materials--Congresses.
700 ## - ADDED ENTRY--PERSONAL NAME
Personal name Hudson, C M
700 ## - ADDED ENTRY--PERSONAL NAME
Personal name ASTM
856 40 - ELECTRONIC LOCATION AND ACCESS
Uniform Resource Identifier http://www.amazon.com/exec/obidos/ASIN/0803102658/chopaconline-20
942 ## - ADDED ENTRY ELEMENTS (KOHA)
Koha item type Books
Holdings
Withdrawn status Lost status Home library Current library Date acquired Full call number Accession Number Koha item type
    Central Library, QUEST, Nawabshah Central Library, QUEST, Nawabshah 08/09/2014 620.1126FRE D163 Books
    Central Library, QUEST, Nawabshah Central Library, QUEST, Nawabshah 08/09/2014 620.1126FRE D164 Books

Copyright © 2018,The QUEST, Nawabshah, Shaheed Benazirabad. All rights reserved
Mr. G. Farooq Channar (Librarian) QUEST, Nawabshah, Sindh, Pakistan 67480.
 Ph#: |   0244-9370381-4 Ext. 2308   Email| lib@quest.edu.pk   Web|  http://www.quest.edu.pk